| 000 | 01115nam a22003377a 4500 | ||
|---|---|---|---|
| 003 | CHAP | ||
| 005 | 20220329140754.0 | ||
| 008 | 971013s1966 r 10010 d | ||
| 010 | _a57350 | ||
| 011 | _a58322 | ||
| 035 | _a62477 | ||
| 040 | _cCHAP | ||
| 082 |
_a632.954 _bS9 1965 |
||
| 111 | 0 | 0 |
_aSymposium on the Use of Isotopes in Weed Research ( _d1965 _c: Vienna) _9111108 |
| 245 | _aIsotopes in weed research | ||
| 260 |
_aVienna : _bInternational Atomic Energy Agency, _c1966 |
||
| 300 |
_a237 p. _b: ilus. |
||
| 490 | _aProceedings series | ||
| 590 |
_aBATCH-UPD _b10 _c20130110 _lUCH01 _h0209 |
||
| 590 |
_aBATCH-UPD _b10 _c20130110 _lUCH01 _h0910 |
||
| 590 |
_aBATCH-UPD _b10 _c20130409 _lUCH01 _h2224 |
||
| 590 |
_aBATCH-UPD _b10 _c20130914 _lUCH01 _h1608 |
||
| 590 |
_aCONVERSION _b10 _c20130109 _lUCH01 _h1331 |
||
| 650 | 1 | 4 |
_aHerbicidas. _953691 |
| 650 | 1 | 4 |
_aMalas hierbas _xControl. _970011 |
| 650 | 1 | 4 |
_aRadiación _xEfecto en plantas. _993674 |
| 830 | 0 |
_aProceedings series _991731 |
|
| 901 | _aBK | ||
| 942 | _cLIBRO | ||
| 949 |
_a632.954 S9 1965 _bBC _cLIBRO _d33724000188199 _eLIBRO _h23290 _i62477 _mD _si |
||
| 999 |
_c57350 _d57350 |
||